000 01475nam0a2200313 4500
001 RU\NLR\BIBL_A\011785832
005 20180920125149.0
010 _a978-5-9704-4575-4
_9300
021 _aRU
_bКН-П-18-056974
_9КН-П-18-4107
035 _a(NLR Aleph) 011785832
035 _a(RuMoRGB)009707854
090 _a11800221
_c11800221
100 _a20180911d2018 u y0rusy50 ca
101 0 _arus
102 _aRU
105 _aa|||j|||000zy
200 1 _aОбщие и частные вопросы медицинской профилактики
_e[руководство
_fАмлаев К.Р., д.м.н., проф. и др.]
_gпод редакцией доктора медицинских наук, профессора К.Р. Амлаева, доктора медицинских наук, профессора В.Н. Муравьевой
210 _aМосква
_cГЭОТАР-Медиа
_d2018
215 _a512 с.
_cил., табл.
_d22
320 _aБиблиогр.: с. 421-474 (1036 назв.)
606 1 _aПрофилактическая медицина
_jРуководства, пособия и т.п
_2nlr_sh1
_2nlr_sh2
_3RU\NLR\AUTH\66380517
686 1 _aР11(2)2я7
686 1 _aР41-8я7
702 1 _aАмлаев
_bК. Р.
_f1967-
_gКарэн Робертович
_3RU\NLR\AUTH\770188942
_4220
942 _cBOOK
980 _aNBR
980 _aNB